Statistics for All Fornite Skins (UPDATED)

Click here to take the quiz!

General Stats

  • This quiz has been taken 49 times
  • The average score is 18 of 236

Answer Stats

RarityName of Skin% Correct
Legendary (BP)Omega
49%
UncommonRenegade
43%
EpicSkull Trooper
40%
Legendary (BP)Black Knight
37%
Legendary (BP)The Reaper
34%
Rare (SS)Renegade Raider
31%
Legendary (BP)Drift
29%
RareBrite Bomber
26%
LegendaryCuddle Team Leader
26%
Legendary (BP)Carbide
23%
EpicGhoul Trooper
23%
UncommonNog Ops
23%
Legendary (BP)Ragnarock
23%
LegendaryRed Knight
23%
Legendary (BP)Calamity
20%
RareDark Bomber
20%
Legendary (BP)Dire
20%
Epic (BP)Sparkle Specialist
20%
Epic (BP)Elite Agent
17%
LegendaryLove Ranger
17%
Epic (BP)Moonwalker
17%
LegendaryRaven
17%
RareRecon Expert
17%
Epic (BP)Sun Strider
17%
Legendary (BB)The Visitor
17%
Epic (BP)Zoey
17%
Legendary (BB)A.I.M
14%
EpicBrite Gunner
14%
RareCode Name ELF
14%
LegendaryCrackshot
14%
Legendary (BP)Dark Voyager
14%
Epic (BP)DJ Yonder
14%
Epic (N9)Galaxy
14%
LegendaryOmen
14%
LegendaryP.A.N.D.A Team Leader
14%
LegendaryRaptor
14%
LegendaryRex
14%
Epic (BP)Rust Lord
14%
RareSkull Ranger
14%
RareSnorkel Ops
14%
EpicTomatohead
14%
LegendaryTricera Ops
14%
LegendaryValkyrie
14%
Rare (BP)Blue Squire
11%
Epic (BP)Giddy Up
11%
Legendary Leviathan
11%
EpicMerry Marauder
11%
Epic (BP)Mission Specialist
11%
UncommonPathfinder
11%
UncommonRanger
11%
Epic (BP)Rook
11%
Legendary (STW)Rose Team Leader
11%
Rare (BP)Royale Knight
11%
UncommonScout
11%
LegendaryWukong
11%
RareAbsolute Zero
9%
EpicAbstrakt
9%
Rare (SS)Aerial Assault Trooper
9%
EpicAlpine Ace
9%
UncommonAssault Trooper
9%
Rare (PS)Blue Team Leader
9%
EpicBunny Brawler
9%
UncommonCommando
9%
Legendary (BB)Enforcer
9%
Epic (BP)Fable
9%
LegendaryFate
9%
EpicGinger Gunner
9%
EpicHighland Warrior
9%
EpicMogul Master
9%
LegendaryMoisty Merman
9%
UncommonNitelite
9%
LegendaryOblivion
9%
RareRed Nosed Raider
9%
EpicSledgehammer
9%
LegendarySpider Knight
9%
Epic (SP)Summit Striker
9%
Epic (BP)Teknique
9%
Epic (SP)The Ace
9%
UncommonTracker
9%
UncommonTrooper
9%
LegendaryValor
9%
LegendaryWild Card
9%
EpicYee Haw
9%
UncommonYuletide Ranger
9%
LegendaryArachne
6%
UncommonArmadillo
6%
EpicBandolier
6%
Epic (BP)Battlehawk
6%
LegendaryBattle Hound
6%
Epic | LegendaryBeef Boss
6%
RareBrawler
6%
UncommonBullseye
6%
RareCircuit Breaker
6%
UncommonCrimson Scout
6%
RareDazzle
6%
LegendaryDeadfire
6%
RareDesperado
6%
UncommonDominator
6%
Epic (NS)Double Helix
6%
Epic (BP)Dusk
6%
RareDynamo
6%
Legendary (XB)Eon
6%
EpicFireworks Team Leader
6%
RareFortune
6%
EpicFunk Ops
6%
UncommonGarrison
6%
EpicHazard Agent
6%
UncommonHighrise Assault Trooper
6%
EpicHollowhead
6%
Epic (BP)Huntress
6%
UncommonJungle Scout
6%
EpicMaverick
6%
Epic (BP)NightShade
6%
EpicNite Nite
6%
UncommonPatch Patroller
6%
EpicPeekaboo
6%
EpicPlague
6%
LegendaryPower Chord
6%
EpicRabbit Raider
6%
LegendaryRavage
6%
RareRecon Specialist
6%
EpicRed Line
6%
EpicRogue Agent
6%
Epic (PS)Royale Bomber
6%
UncommonScarlet Defender
6%
UncommonScorpion
6%
UncommonSgt Green Clover
6%
EpicShadow Ops
6%
EpicSleuth
6%
EpicSpooky Team Leader
6%
UncommonStar Spangled Ranger
6%
RareSurvival Specialist
6%
RareTriple Threat
6%
Legendary (STW)Warpaint
6%
UncommonWhiplash
6%
RareAerial Threat
3%
EpicAerobic Assasin
3%
RareAirheart
3%
EpicArchetype
3%
RareArctic Assasin
3%
RareBackbone
3%
EpicBlitz
3%
Epic (PS)Blue Striker
3%
UncommonBraniac
3%
RareBrilliant Striker
3%
UncommonBunnymoon
3%
EpicBurnout
3%
RareChopper
3%
RareChromium
3%
RareCipher
3%
RareClinical Crosser
3%
Epic Cloaked Star
3%
LegendaryCriterion
3%
EpicDante
3%
LegendaryDark Vanguard
3%
UncommonDevastator
3%
RareDiecast
3%
Epic Dreamflower
3%
EpicFar Out Man
3%
EpicField Surgeon
3%
LegendaryFrostbite
3%
UncommonGrill Sergent
3%
EpicGrowler
3%
EpicGumshoe
3%
EpicHacivat
3%
Legendary (TP)Havoc
3%
EpicHay Man
3%
EpicHeidi
3%
RareHyperion
3%
RareInfiltrator
3%
RareJumpshot
3%
UncommonLiteshow
3%
EpicLudwig
3%
LegendaryMagnus
3%
RareMasked Fury
3%
RareMayhem
3%
RareMidnight Ops
3%
RareMoniker
3%
EpicMullet Marauder
3%
RareMunitions Expert
3%
LegendaryMusha
3%
EpicNoir
3%
EpicOvertaker
3%
RareRadiant Striker
3%
EpicRapscallion
3%
RareRecon Scout
3%
EpicReef Ranger
3%
EpicRosa
3%
RareRuckus
3%
EpicSanctum
3%
RareSash Sergent
3%
EpicScoundrel
3%
EpicScourge
3%
EpicShade
3%
LegendarySky Stalker
3%
RareSpecial Forces
3%
EpicSpike
3%
Epic (BP)Squad Leade
3%
EpicStage Slayer
3%
UncommonStar Spangled Trooper
3%
EpicSteelsight
3%
EpicStraw Ops
3%
UncommonStriped Soldier
3%
Epic (TP)Sub Commander
3%
EpicSun Tan Specialist
3%
RareSushi Master
3%
EpicSynth Star
3%
UncommonTactics Officer
3%
UncommonTower Recon Specialist
3%
EpicToxic Trooper
3%
Epic (TP)Trailblazer
3%
EpicVentura
3%
EpicVenturion
3%
LegendaryVertex
3%
UncommonWhistle Warrior
3%
EpicWhiteout
3%
Epic (SP)Wingman
3%
EpicWreck Raider
3%
LegendaryChomp Jr
0%
RareDynamic Dribbler
0%
EpicEnd Zone
0%
RareFinesse Finisher
0%
RareFirst Stike Specialist
0%
EpicGridIron
0%
EpicInterceptor
0%
EpicJack Gourdan
0%
EpicJuke
0%
RareMaximilion
0%
RareMidfield Maestro
0%
RarePoised Playmaker
0%
EpicRush
0%
RareStalwart Sweeper
0%
EpicStrong Guard
0%
RareSuper Striker
0%
EpicTritage Trooper
0%

Score Distribution

Percentile by Number Answered

Percent of People with Each Score

Your Score History

You have not taken this quiz